|
|
|
|
| LEADER |
01650nam a2200469 i 4500 |
| 001 |
001777302 |
| 003 |
CZ BrMZK |
| 005 |
20210520082213.0 |
| 007 |
ta |
| 008 |
201120s2018 ua g 000 faara |
| 020 |
|
|
|q (Brožováno)
|
| 040 |
|
|
|a ABA001
|b cze
|d BOA001
|e rda
|
| 041 |
1 |
|
|a ara
|h cze
|
| 045 |
|
|
|a x4y1
|
| 072 |
|
7 |
|a 821.162.3-3
|x Česká próza
|2 Konspekt
|9 25
|
| 072 |
|
7 |
|a 929
|x Biografie
|2 Konspekt
|9 8
|
| 080 |
|
|
|a 821.162.3-31
|2 MRF
|
| 080 |
|
|
|a 821.162.3-055.2
|2 MRF
|
| 080 |
|
|
|a 929
|2 MRF
|
| 080 |
|
|
|a (0:82-312.6)
|2 MRF
|
| 100 |
1 |
|
|a Andronikova, Hana,
|d 1967-2011
|7 ja20020079780
|4 aut
|
| 240 |
1 |
0 |
|a Nebe nemá dno.
|l Arabsky
|7 aun20191021381
|
| 245 |
1 |
0 |
|a Samāʾ bilā qāʿ /
|c Hānā Andrūnīkūfā ; tarǧamaẗ Chālid al-Biltāǧī
|
| 250 |
|
|
|a aṭ-Ṭabaʿaẗ al-ūlā
|
| 264 |
|
1 |
|a al-Qāhiraẗ :
|b Dār Ibn Rušd,
|c 2018
|
| 300 |
|
|
|a 381 stran ;
|c 20 cm
|
| 336 |
|
|
|a text
|b txt
|2 rdacontent
|
| 337 |
|
|
|a bez média
|b n
|2 rdamedia
|
| 338 |
|
|
|a svazek
|b nc
|2 rdacarrier
|
| 500 |
|
|
|a Přeloženo z češtiny
|
| 546 |
|
|
|a Arabský text
|
| 600 |
1 |
7 |
|a Andronikova, Hana,
|d 1967-2011
|7 ja20020079780
|2 czenas
|
| 648 |
|
7 |
|a 20.-21. století
|7 ch462155
|2 czenas
|
| 648 |
|
4 |
|a 1967-2011
|
| 650 |
0 |
7 |
|a české spisovatelky
|7 ph128153
|y 20.-21. století
|2 czenas
|
| 655 |
|
7 |
|a české romány
|7 fd133974
|2 czenas
|
| 655 |
|
7 |
|a autobiografické romány
|7 fd131852
|2 czenas
|
| 700 |
1 |
|
|a <<al->>Biltāğī, Chālid,
|d 1965-
|7 jo20201075306
|4 trl
|
| 910 |
|
|
|a BOA001
|b 2-1457.166
|
| 990 |
|
|
|a BK
|
| 991 |
|
|
|b 202105
|c NOV
|
| 996 |
7 |
|
|b 2610846721
|c 2-1457.166
|l MZK
|r Sklad / do 1 hodiny
|n 0
|p dar
|w 001835477
|u 000010
|a 1
|e BOA001
|j MZK50
|s A
|